Estadísticas para VAL CAFD León: Utilidad de la valoración

Haz click aquí para tomar la prueba!

Estadísticas generales

  • Esta prueba ha sido tomada 3 veces
  • La puntuación promedio es 3 de 7

Estadísticas de respuestas

Respuesta% Correcto
Detección y selección de talentos
100%
Planificación, programación y control del entrenamiento
100%
Análisis bioenergético
50%
Respuestas según factores determinantes
50%
Capacidad funcional y mecanismos de adaptación
0%
Especificidad, validez, fiabilidad...
0%
Perfil o modelo de respuesta
0%

Distribución de puntuación

Porcentaje por número respondido

Porcentaje de gente con cada puntuación

Historial de tus puntuaciones

No has tomado esta prueba